| 000 | 00430nam a22001577a 4500 | ||
|---|---|---|---|
| 005 | 20260323144651.0 | ||
| 008 | 260323b |||||||| |||| 00| 0 eng d | ||
| 020 | _a978-81-203-3849-4 | ||
| 100 | _aMISHRA RAVI BHUSHAN | ||
| 245 | _aARTIFICIAL INTELLIGENCE | ||
| 260 |
_aNEW DELHI _bPHI LEARNING _c2025 |
||
| 300 | _aXXII,503P. | ||
| 500 | _aINCLUDES AN INDEX | ||
| 650 | _aARTICIAL INTELLIGENCE- TEXTBOOKS | ||
| 942 |
_2lcc _cBK |
||
| 999 |
_c216858 _d216858 |
||